Acuarela textos para la nueva era segundo ciclo a partir de los cinco años
Պահպանված է:
| Հիմնական հեղինակներ: | , |
|---|---|
| Ձևաչափ: | Գիրք |
| Լեզու: | իսպաներեն |
| Հրապարակվել է: |
Santiago
Bibliotecnia
2006
|
| Խորագրեր: | |
| Ցուցիչներ: |
Ավելացրեք ցուցիչ
Չկան պիտակներ, Եղեք առաջինը, ով նշում է այս գրառումը!
|
MARC
| LEADER | 00000nam a2200000 a 4500 | ||
|---|---|---|---|
| 001 | UCI3060 | ||
| 003 | CL-VaPUC | ||
| 008 | 071012e20060000CL |||||||||||||||||spa|d | ||
| 020 | |a 9567663149 | ||
| 082 | 0 | 4 | |a 372.21 |b HEN |2 21 |
| 100 | |a Henríquez León, María Bernardita |e author |9 532204 | ||
| 700 | 0 | |a Díaz Ortíz, Bernardo Rómulo |e author |9 524419 | |
| 245 | 1 | 0 | |a Acuarela textos para la nueva era segundo ciclo a partir de los cinco años |
| 300 | |a 240 p | ||
| 942 | |c BK | ||
| 945 | |d 20071012 00:00:00 |a rbrito | ||
| 260 | |a Santiago |b Bibliotecnia |c 2006 | ||
| 650 | 0 | |a Educación preescolar |9 260381 | |
| 650 | 0 | |a Jardines infantiles |9 307427 | |
| 650 | 0 | |a Medio ambiente |9 257625 | |
| 650 | 0 | |a Comunicación |9 257251 | |
| 650 | 7 | |a RELACION CON EL MEDIO AMBIENTE |2 CL-VaPUC |9 524420 | |
| 650 | 7 | |a NIVELES DE ENSEÑANZA |2 CL-VaPUC |9 334999 | |
| 583 | |a last modification |c 20140102 04:36:31 |k Rodrigo Vera | ||
| 999 | |c 327455 |d 327453 | ||
| 952 | |0 0 |1 0 |4 0 |6 372_210000000000000_HEN_2006 |7 0 |8 A |9 410304 |a BIBEDU |b BIBEDU |c ES_NOD |d 2019-11-22 |i 4378474 |o 372.21 HEN 2006 |p 4378474 |r 2023-08-09 |w 2019-11-22 |y BK |k PAR | ||